1062 1383 1971 1906 1448 1223 1067 1030 1254 1827 1639 1799 1852 1864 1324 1708 1653 1151 1166 1996 1688 1136 1421 1833 1527 1829 1020 1433 1646 1366 1979 1357 1164 1254 1565 1945 1468 1007 1248 1565 1500 1941 1021 1392 1669 1637 1832 1278 1502 1326 1783 1319 1352 1140 1167 1375 1099 1187 1688 1788 1337 1004 1419 1165 1816 1989 1764 1850 1635 1716 1695 1469 1406 1916 1235 1450 1128 1743 1737 1469 1400 1150 1766 1279 1990 1202 1086 1479 1328 1586 1097 1136 1491 1775 1787 1780 1702 1351 1931 BCNSPRNW ULIB Ver.6.0+V

เปลี่ยนเป็นภาษาไทย

Change to English
 แสดงรายละเอียดบรรณานุกรม
  กลับหน้าหลัก

Brief Record : Get Marc (ISO 2709) : E-mail record : QR code < ปิดหน้าต่าง
LEADER : 00000nam 2200000uu 4500
001    13399113098
003     ULIB
008    110926s2543||||th 000 0 tha d
020    97475207
050 04 PL4202^bศ439ต 2543
100 0  ศักดิ์สิริ มีสมสืบ
245 10 ตู้เพลงลูกทุ่ง /^cศักดิ์สิริ มีสมสืบ
260    กรุงเทพฯ :^bอมรินทร์,^c2543
300    166 หน้า
650  7 กวีนิพนธ์ไทย^xรวมเรื่อง
650  7 บทกวี^xไทย^xรวมเรื่อง
945    ^p120^l0^i014508
995    ทศพร
999 ^a ทศพร
รายการนี้ยังไม่มีแท็ก
คุณยังไม่ได้ล็อกอิน คุณสามารถมีกิจกรรมร่วมกับเว็บไซต์ได้ แต่ต้องล็อกอินก่อน ::
  ล็อกอิน

รายการสื่อสารสนเทศ

ลำดับที่ ประเภท เลขเรียก/บาร์โค้ด สถานที่ สถานะ
- ไม่พบข้อมูล -

BibComment


ยังไม่เคยถูกคอมเมนท์

คอมเมนท์ทรัพยากรรายการนี้
  คอมเมนท์: ตู้เพลงลูกทุ่ง ศ..


 Copyright 2026. Bcnsprnw @Library